Największe miasto w każdym województwie niebędące siedzibą powiatu - Statystyki

Ogólne statystyki
  • Ten quiz został rozwiązany 150 razy
  • Średni wynik to 5 z 16
Statystyki odpowiedzi
# Miasto Populacja Województwo % Poprawnych
5 Rumia 53 585 pomorskie
86%
9 Ząbki 45 347 mazowieckie
59%
8 Luboń 32 849 wielkopolskie
48%
26 Knurów 35 619 śląskie
40%
12 Skawina 23 967 małopolskie
40%
13 Aleksandrów Łódzki 22 090 łódzkie
37%
7 Kostrzyn nad Odrą 17 626 lubuskie
31%
11 Solec Kujawski 15 290 kujawsko-pomorskie
31%
13 Bielawa 27 874 dolnośląskie
30%
10 Łapy 14 436 podlaskie
29%
10 Głuchołazy 12 621 opolskie
23%
17 Morąg 12 757 warmińsko-mazurskie
22%
15 Międzyrzec Podlaski 15 389 lubelskie
21%
12 Nowogard 15 564 zachodniopomorskie
20%
16 Sędziszów Małopolski 12 368 podkarpackie
16%
12 Suchedniów 7 588 świętokrzyskie
13%
Nie znaleziono quizów pasujących do podanych kryteriów
Rozkład punktacji
Procent ludzi z każdym wynikiem
Percentyl według liczby udzielonych odpowiedzi
Twoja historia wyników
Nie rozwiązałeś tego quizu